000 00285nam a2200121Ia 4500
008 220204s9999 xx 000 0 und d
082 _a025.3
_bAKE
100 _aAkers, Susan Grey
245 0 _aSimple library catloging
250 _aEd.4
260 _aChicago
_bALA
_c1954
942 _cBK
999 _c20401
_d20401